Vplyv influencerov na nákupné správanie špecifickej cieľovej skupiny spotrebiteľov

Charakteristika a význam pojmu Influencer marketing. Dopad Influencer marketingu na nákupné správanie spotrebiteľov. Marketingový prieskum a jeho vyhodnotenie.

Salvato in:
Dettagli Bibliografici
Autore principale: Stanková, Monika, 1993-
Natura: Capitolo di libro
Lingua:slovacco
Soggetti:
Tags: Aggiungi Tag
Nessun Tag, puoi essere il primo ad aggiungerne!!

MARC

LEADER 00000naa$a2200000$$$4500
001 0251421
005 20240502074031.8
041 0 |a slo 
044 |a SK 
245 1 0 |a Vplyv influencerov na nákupné správanie špecifickej cieľovej skupiny spotrebiteľov  |c Monika Stanková 
520 |a Charakteristika a význam pojmu Influencer marketing. Dopad Influencer marketingu na nákupné správanie spotrebiteľov. Marketingový prieskum a jeho vyhodnotenie. 
610 2 0 |a marketing 
610 2 0 |a prieskum marketingový 
610 2 0 |a správanie spotrebiteľa 
610 2 0 |a rozhodovanie nákupné 
610 2 0 |a internet 
610 2 0 |a siete sociálne 
610 2 0 |a propagácia 
610 2 0 |a sponzorovanie 
610 2 0 |a produkty 
100 1 |a Stanková, Monika, 1993-